000 01764nam a2200433 a 4500
003 BLK
005 20230718153017.0
008 180408b bul|||||r ||||||| ||bul||
010 _aKNG00094199000
020 _a978-954-8594-15-8
040 _aBLK
041 _aBUL
_cBUL
080 _aАнглийска литература
_b821.111
_x-2.09
_z821.111-2.09
080 _aАнглийска литература
_b821.111
_x(092)
_z821.111(092)
080 _aБиографии
_b929
_x(410)
_z929(410)
100 1 _aНиколова, Камелия Николова
_eпърви автор
_9367927
139 _aНиколова, Камелия Николова
_bН 74
245 1 0 _aБританската драма 1945 - 1989
_cКамелия Николова Николова.
257 _aBGR
260 _bИнст. по изкуствознание БАН
_c2009
_aСофия
300 _a296 с.
_bс ил.
_c21 см
380 _a82
500 _aОфс. изд. - Съдържа и за авт. - Библиогр. с. 289-293.
650 4 _aДрама, английска - теми, образи, сюжети
_9260305
650 4 _aДраматурзи, английски
_9260306
650 4 _aВеликобритания - литературознание
_9288076
651 4 _aВеликобритания
_9178698
653 _aдраматургия
653 _aдраматурзи
653 _aлитературна критика
653 _aлитературознание
852 _aЦб 247084
_bЦб
856 4 _qpdf
856 4 _qpdf
942 _cKNG
_n0
_02
944 _aCR
_c10.02.2010
_k30542
_lРусанова Ирена
944 _aED
_c16.02.2017
_kИрена_Линкова
999 _c89499
_d89499
999 _d89499